Fifty Nifty United States - Statistics

General Stats
  • This quiz has been taken 66 times
  • The average score is 32 of 50
Answer Stats
Answer % Correct
Alabama
95%
Alaska
95%
Arizona
95%
Arkansas
93%
California
93%
Georgia
81%
Colorado
79%
Florida
79%
Connecticut
76%
Delaware
76%
Hawaii
76%
Idaho
74%
Indiana
74%
Kansas
71%
Kentucky
71%
Illinois
69%
Iowa
67%
Maine
64%
Michigan
64%
Mississippi
64%
Montana
64%
North Dakota
64%
Louisiana
62%
Massachusetts
62%
New York
62%
North Carolina
62%
Ohio
62%
South Dakota
62%
Texas
62%
Maryland
60%
Nevada
60%
New Mexico
60%
Missouri
57%
Nebraska
57%
South Carolina
57%
Virginia
57%
New Hampshire
55%
Oregon
55%
Pennsylvania
55%
Washington
55%
Minnesota
52%
Oklahoma
52%
Tennessee
52%
New Jersey
50%
Vermont
50%
West Virginia
50%
Wyoming
50%
Utah
48%
Wisconsin
48%
Rhode Island
45%
No matching quizzes found
Score Distribution
Percent of People with Each Score
Percentile by Number Answered
Your Score History
You have not taken this quiz